Formel 1 Podium 1955 - Statistiken

Allgemein
  • Dieses Quiz wurde 41 mal gespielt
  • Das Durchschnittsergebnis liegt bei 7 aus 14
Antwortstatistiken
Antwort % Korrekt
Juan Manuel Fangio
100%
Farina / Maglioli / Trintignant
92%
Gonzalez / Farina / Trintignant
92%
Giuseppe Farina
88%
Stirling Moss
76%
Maurice Trintignant
52%
Luigi Musso
40%
Karl Kling
36%
Behra / Perdisa
28%
Piero Taruffi
28%
Eugenio Castellotti
24%
Bob Sweikert
16%
Bettenhausen / Russo
8%
Jimmy Davies
4%
Keine übereinstimmenden Quizze gefunden
Verteilung der Resultate
Anzahl Personen mit jedem Resultat
Perzentil nach korrekt beantworteten Fragen
Ihre Resultats-Entwicklung
Sie haben dieses Quiz noch nicht gespielt